000 01300cam a2200337 i 4500
001 24081
003 Mx-PuUPA
005 20250430110106.0
008 140415s2006 mx gr 000 0 spa d
020 _a9685145032
040 _aMx-PuUPA
_bspa
_cMx-PuUPA
_dMx-PuUPA
_erda
041 0 _aspa
100 1 _aWatson Marrón, Gustavo,
_91573
_eautor
245 1 0 _aGuía del archivo episcopal de Pelagio Antonio de Labastida y Dávalos :
_b1863 - 1891 /
_cGustavo Watson Marrón, Berenice Bravo Rubio, Eva Caccavari Garza, Marco Antono Pérez Iturbe
250 _aPrimera edición /
_bjunio
264 1 _aMéxico, D.F. :
_bArquidiócesis Primada de México,
_c2006
300 _a80 páginas ;
_c23 cm
336 _2rdacontent
_atexto
_btxt
337 _2rdamedia
_asin medio
_bn
338 _2rdacarrier
_avolumen
_bnc
502 _a
600 1 4 _aLabastida y Dávalos, Pelagio Antonio de,
_d1815-1891
650 7 _2armarc
_aArchivos eclesiásticos
_zMéxico (Ciudad)
_vCatálogos
650 7 _2armarc
_aIglesia Católica
_vArchivos
_vCatálogos
700 1 _aBravo Rubio, Berenise,
_eautor
700 1 _aCaccavari Garza, Eva,
_eautor
700 1 _aPérez Iturbide, Marco Antonio,
_eautor
942 _2ddc
_cLI
_h016.28272
_iW32
999 _c24081
_d24081